| 000 | 00490nam a2200157 a 4500 | ||
|---|---|---|---|
| 001 | 000032648 | ||
| 005 | 20200930065745.0 | ||
| 008 | 110725s1942 dr c 000 0 spa d | ||
| 040 |
_aDO-SdBNP _bspa _cBNPHU |
||
| 082 |
_axxx _bK183n |
||
| 100 | 1 |
_aKarger, José _958536 |
|
| 245 | 1 | 3 |
_aLa nueva filosofía Américana y la ideología trujillista / _cJosé Karger. |
| 260 |
_aCiudad Trujillo, República Dominicana : _bMontalvo, _c1942. |
||
| 300 |
_a108 p. : _bretr. ; _c15 cm. |
||
| 049 | _aBNPD | ||
| 999 |
_c32139 _d32139 |
||